| 000 | 00670cab a2200229 4500 | ||
|---|---|---|---|
| 001 | ABS41665 | ||
| 008 | 090401t1989 xxu||||| |||| 00| 0 eng d | ||
| 035 | _a(Sirsi) u31537 | ||
| 041 | _aeng | ||
| 100 | _aCook, G. | ||
| 245 | _aTimber windows need not decay | ||
| 260 | _c1989 | ||
| 350 | _a0 | ||
| 490 |
_aBuilding Today _v198(5832) 16 November 1989, 23-25(3) |
||
| 520 | _aIdentifies failures which occur in timber windows and examines what action can be taken to prevent them. References. | ||
| 650 | _aBUILDING DEFECTS | ||
| 650 | _aWOOD | ||
| 690 | _aBUILT ENVIRONMENT-BUILDING PATHOLOGY | ||
| 700 | _aHinks, J. | ||
| 942 | _n0 | ||
| 948 | _c04/03/1997 | ||
| 999 |
_c21173 _d21173 |
||